Ceramic Pigments with the Diortosilicate Structure Based on the Dicalcium Silicate; Advanced Materials Research; Vol. 1040 : High Technology: Research and Applications 2014 (HTRA 2014)

Bibliografische gegevens
Parent link:Advanced Materials Research: Scientific Journal
Vol. 1040 : High Technology: Research and Applications 2014 (HTRA 2014).— 2014.— [P. 272-277]
Coauteur: Национальный исследовательский Томский политехнический университет (ТПУ) Институт физики высоких технологий (ИФВТ) Кафедра технологии силикатов и наноматериалов (ТСН)
Andere auteurs: Sedelnikova M. B. Mariya Borisovna, Pautova Yu. I. Yuliya Igorevna, Pogrebenkov V. M. Valeriy Matveevich, Shulzhenko A. S.
Samenvatting:Title screen
The possibility of ceramic pigments synthesis using industrial waste is studied. These raw materials will lower production costs of ceramic pigments. The synthesized pigments can be recommended for obtaining on-glaze ceramic paints and volume coloring of ceramic pastes in the manufacture of construction materials.
Режим доступа: по договору с организацией-держателем ресурса
Taal:Engels
Gepubliceerd in: 2014
Reeks:Advanced Materials and Nanotechnology
Onderwerpen:
Online toegang:http://dx.doi.org/10.4028/www.scientific.net/AMR.1040.272
Formaat: Elektronisch Hoofdstuk
KOHA link:https://koha.lib.tpu.ru/cgi-bin/koha/opac-detail.pl?biblionumber=640917

MARC

LEADER 00000nla2a2200000 4500
001 640917
005 20231101134135.0
035 |a (RuTPU)RU\TPU\network\5795 
035 |a RU\TPU\network\5792 
090 |a 640917 
100 |a 20150505a2014 k y0engy50 ba 
101 0 |a eng 
102 |a US 
105 |a y z 100zy 
135 |a drcn ---uucaa 
181 0 |a i  
182 0 |a b 
200 1 |a Ceramic Pigments with the Diortosilicate Structure Based on the Dicalcium Silicate  |f M. B. Sedelnikova [et al.] 
203 |a Text  |c electronic 
225 1 |a Advanced Materials and Nanotechnology 
300 |a Title screen 
330 |a The possibility of ceramic pigments synthesis using industrial waste is studied. These raw materials will lower production costs of ceramic pigments. The synthesized pigments can be recommended for obtaining on-glaze ceramic paints and volume coloring of ceramic pastes in the manufacture of construction materials. 
333 |a Режим доступа: по договору с организацией-держателем ресурса 
461 0 |0 (RuTPU)RU\TPU\network\4598  |t Advanced Materials Research  |o Scientific Journal 
463 0 |0 (RuTPU)RU\TPU\network\4652  |t Vol. 1040 : High Technology: Research and Applications 2014 (HTRA 2014)  |o The International Conference, March 26-28, 2014, Tomsk, Russia  |o [proceedings]  |v [P. 272-277]  |d 2014 
610 1 |a электронный ресурс 
610 1 |a труды учёных ТПУ 
610 1 |a керамические пигменты 
610 1 |a кристаллические структуры 
701 1 |a Sedelnikova  |b M. B.  |c Chemical Engineer  |c Professor of Tomsk Polytechnic University, Doctor of technical sciences  |f 1967-  |g Mariya Borisovna  |2 stltpush  |3 (RuTPU)RU\TPU\pers\31922 
701 1 |a Pautova  |b Yu. I.  |c chemical-technologist  |c Assistant of Tomsk Polytechnic University, Candidate of technical sciences  |f 1983-  |g Yuliya Igorevna  |2 stltpush  |3 (RuTPU)RU\TPU\pers\34318 
701 1 |a Pogrebenkov  |b V. M.  |c Chemical Engineer  |c Professor of Tomsk Polytechnic University, Doctor of technical sciences  |f 1954-  |g Valeriy Matveevich  |2 stltpush  |3 (RuTPU)RU\TPU\pers\31924 
701 1 |a Shulzhenko  |b A. S. 
712 0 2 |a Национальный исследовательский Томский политехнический университет (ТПУ)  |b Институт физики высоких технологий (ИФВТ)  |b Кафедра технологии силикатов и наноматериалов (ТСН)  |h 93  |2 stltpush  |3 (RuTPU)RU\TPU\col\18694 
801 2 |a RU  |b 63413507  |c 20161229  |g RCR 
856 4 |u http://dx.doi.org/10.4028/www.scientific.net/AMR.1040.272 
942 |c CF